000 00817nam a2200253 a 4500
008
049 1 0 _aMAIN
050 1 0 _aRC454 HOF
100 1 _aHofling, Charles K.
245 1 0 _aTextbook of psychiatry for medical practice/
_c Charles K. Hofling. With the collaboration of Chatham G. Clements [and others] With a foreword by Maurice Levine.
250 _a2nd ed.
260 _aPhiladelphia:
_bLippincott,
_c[1968]
300 _axvii, 630 p.
_c24 cm.
504 _aIncludes bibliographies.
650 0 _aPsychiatry.
650 0 _aMedicine and psychology.
650 0 _aMedicine, Psychosomatic.
740 0 _aPsychiatry for medical practice.
907 _a.b10221736
_b01-12-06
_c01-12-06
003
005 20230123134309.0
040 _cNUST
942 _cBOOKS
999 _c163456
_d163456